Countries Of Europe By Last Two Letters - Statistics

General Stats
  • This quiz has been taken 89 times
  • The average score is 35 of 45
Answers on the Map
Answers color-coded by a green-red scale on the quiz's map according to % correct below.
 
Answer Stats
Country % Correct
ND
99%
ND
99%
ND
99%
ND
99%
ND
99%
CE
97%
CE
97%
IA
97%
IA
97%
IA
97%
IA
97%
IA
97%
IA
97%
IA
97%
IA
97%
IA
97%
IA
97%
IA
97%
IA
97%
IA
97%
IN
97%
IN
97%
AL
91%
EN
91%
LY
90%
NY
90%
AY
82%
OM
82%
NE
79%
UM
66%
RK
65%
DS
63%
US
59%
NO
50%
RA
49%
TY
49%
CO
47%
RY
47%
VA
46%
IC
41%
RG
37%
NA
32%
RO
32%
VO
32%
TA
19%
No matching quizzes found
Score Distribution
Percent of People with Each Score
Percentile by Number Answered
Your Score History
You have not taken this quiz